000 00370nam a2200157Ia 4500
003 OSt
005 20240202155333.0
008 170523s9999 xx 000 0 und d
020 _a978-9350517697
040 _ciimt university meerut
100 _aGUPTA- SC
245 0 _aFUNDAMENTALS OF STATISTICS
260 _bHIMALAYA PUBLICATION
260 _c1994
942 _2ddc
_c02
999 _c248
_d248